000 00654nam a2200193Ia 4500
003 LDD
008 190117s9999 xx 000 0 und d
020 _c₹100
040 _cLDD
041 _ahi
082 _a8h4.7 कि69208स
100 _aकिशोर, अमरेन्द्र
245 0 _aसत्ता समाज और संसकृति
_cअमरेन्द्र किशोर
260 _aदिल्ली
_bअभिरूचि
_c1997
300 _a93
901 _aHBC
904 _aReqst by : वी.आर.जगन्नाथन
942 _2ddc
_cH
999 _c155943
_d155943